000 00215nam a22000857a 4500
008 160914b xxu||||| |||| 00| 0 eng d
100 _9478
_aBurns.D.etal
245 _aEnglish Grammer-8
260 _aNew Delhi
_bCordova
_c2012
999 _c3135
_d3135